000
00248 a2200085 4500
020
_a
9781452165936
100
_a
Serge Bloch and Frederic Boyer
245
_a
In the Beginning: Illustrated Stories from the Old Testament
260
_b
Chronicle Books
_c
2017
999
_c
13232
_d
13232